Ecología y formación ambiental

שמור ב:
מידע ביבליוגרפי
מחבר ראשי: Vásquez Torre, Guadalupe Ana María (Author)
פורמט: ספר
שפה:ספרדית
יצא לאור: Ciudad de México McGraw-Hill 1993
נושאים:
תגים: הוספת תג
אין תגיות, היה/י הראשונ/ה לתייג את הרשומה!

MARC

LEADER 00000nam a2200000 a 4500
001 UCY0237
003 CL-VaPUC
008 940719e19930000MX |||||||||||||||||spa|d
082 0 4 |a 577  |b VAS  |2 21 
100 0 |a Vásquez Torre, Guadalupe Ana María  |e author  |9 327871 
245 1 0 |a Ecología y formación ambiental 
300 |a 303 p 
942 |c BK 
945 |d 19940719 00:00:00  |a mfernand 
260 |a Ciudad de México  |b McGraw-Hill  |c 1993 
650 0 |a Ecología   |9 258124 
650 0 |a Educación ambiental  |9 262920 
583 |a last modification  |c 19940719 00:00:00  |k Rodrigo Vera 
999 |c 229285  |d 229283 
952 |0 0  |1 0  |4 0  |6 577_000000000000000_VAS_1993  |7 0  |8 A  |9 230201  |a BIBING  |b BIBING  |d 2019-11-15  |i 2997185  |o 577 VAS 1993  |p 2997185  |r 2025-01-20  |w 2019-11-15  |y BK  |k GEO 
952 |0 0  |1 0  |4 0  |6 577_000000000000000_VAS_1993  |7 0  |8 A  |9 230202  |a BIBEDU  |b BIBEDU  |d 2019-11-15  |i 3021165  |o 577 VAS 1993  |p 3021165  |r 2019-11-15  |w 2019-11-15  |y BK  |k EPE 
952 |0 0  |1 0  |4 0  |6 577_000000000000000_VAS_1993  |7 0  |8 A  |9 230203  |a BIBCUR  |b BIBCUR  |d 2019-11-15  |i 3241017  |o 577 VAS 1993  |p 3241017  |r 2025-04-22  |w 2019-11-15  |y BK  |k BCB